Pojďte s námi programovat C++

Alokačná kapacita premenných. Výklad operátorov.

Enregistré dans:
Détails bibliographiques
Auteur principal: Hanák, Ján
Format: Chapitre de livre
Langue:tchèque
Sujets:
Tags: Ajouter un tag
Pas de tags, Soyez le premier à ajouter un tag!

MARC

LEADER 00000naa$a2200000$$$4500
001 0082711
005 20250626123657.1
041 0 |a cze 
044 |a CZ 
245 1 0 |a Pojďte s námi programovat C++  |c Ján Hanák 
520 |a Alokačná kapacita premenných. Výklad operátorov. 
610 2 0 |a jazyky programovacie 
610 2 0 |a kurzy 
610 2 0 |a programovanie 
610 2 0 |a programy počítačové 
100 1 |a Hanák, Ján